000 00505nam a22000977a 4500
008 140122b xxu||||| |||| 00| 0 eng d
100 1 _aBeckeman, Sven-Eric, and Anna-Lisa Beckeman
245 1 0 _aPostage Stamps of China. The Anna-Lisa and Sven-Eric Beckeman Collection 1885 small dragons, 1894 dowager empress 60th birthday, 1897 new currency, 1897 red revenues, customs mail matter handstamps, Sale 1, 2, 3, 4
260 _aHong Kong
_bSotheby's and Corinphilia in association
650 0 _aChina -- Auction catalogs
999 _c356
_d356